000
00245nam a22000977a 4500
999
_c
263624
_d
263623
020
_a
9780545128285
100
_a
J.K. Rowling.
245
_a
The tales of Beedle the Bard
260
_a
London :
_b
Children's High Level Group
_c
2008.
942
_c
BK